000 00341nam a2200133Ia 4500
008 240624s9999 xx 000 0 und d
041 _aeng
082 _a658.4063 PEL
100 _aPELLE SOPHIE
245 _aBUSINESS INNOVATION AND RESPONSIBILITY V
260 _c2017
_aNew Jersey
_bWiley
300 _axix, 158 p.; 23 cm.
365 _c
_b28
999 _c30273
_d30273